02533nam a22006017a 450000500170000000800410001702000180005804000270007604100080010304400070011108200180011824500300013625000220016626000550018830000920024361000600033565000570039565000480045265000470050070000460054770000370059370000380063070000480066870000400071670000440075670000400080070000370084070000470087770000470092470000470097170000400101870000440105870000440110270000430114670000440118970000440123370000420127770000320131970000370135170000370138870000330142570000410145870000380149970000480153770000370158570000400162270000330166270000550169570000480175070000400179870000410183870000520187920160504161640.0160504t2015 ck ao g |||| 00| 0 spa d a9789585933606 aCO-BoIAVH cCO-BoIAVH 0 aspa ack04a343.077bA63h00a30 años de historias /  aPrimera edición a[Colombia?] :bCarbones Cerrejón Limited,c2015. a199 páginas :bilustraciones a color y fotografías a color ;c29 x 29 centímetros2 aCarbones del Cerrejón Limitedxrespondabilidad social16aRecursos MineraleszGuajira (Departamento, Colombia)26aMineríazGuajira (Departamento, Colombia)26aTortugaszGuajira (Departamento, Colombia)1 aBustos Kerguelen, Gabriel Antonioetextos1 aMcCausland Sojo, Ernestoetextos1 aLago, Ramón de la Torreetextos1 aAndrade Rodríguez, Enrique Manueletextos1 aBeltrán Franco, Nicolásetextos1 aFranco De León, Alonso Javieretextos1 aGutiérrez Tapias, Eduardoetextos1 aHenao Rojas, Luis Felipeetextos1 aBlanco Ahumada, William De Jesúsetextos1 aMartelo Jiménez, Robinson Arturoetextos1 aLondoño Escobar, Óscar Albertoetextos1 aUribe Ayala, Manuel Alfonsoetextos1 aRamírez Aranda, Carlos Migueletextos1 aDomínguez Echeverry, Mauricioetextos1 aVilladiego del Portillo, Edgaretextos1 aRobles Bonivento, Martha Amintaetextos1 aBonilla Uriana, Claudia Marcelaetextos1 aMonroy Rojas, Néstor Raúletextos1 aGómez Lemus, Luisetextos1 aGouriyú Uriana, Raúletextos1 aTorres Ospino, Esperanzaetextos1 aRobles Luján, Linaetextos1 aMurgas De Fernández, Nancyetextos1 aRodríguez Ipuana, Reyesetextos1 aGonzález Pushaina, José Ramónetextos1 aLozano Silva, Juan Pabloetextos1 aSocarrás Pimienta, Tahirietextos1 aMeza Palmar, Albertoetextos1 aSavino Lloreda, Margarita María Giovannaetextos1 aGutiérrez Gómez, Rosario Leonoretextos1 aMarulanda Nieves, Adalbertoetextos1 aOrtiz Estrada, Orieta Celinaetextos1 aDe la Rosa Pertuz, Waldir De los Santosetextos